01116 2200253 4500001002100000005001500021035002000036001002100056005001500077035002000092245017200112100001600284250001700300300003500317700002000352700001800372260003100390082000800421084001400429020002200443650001400465520036700479990001600846INLIS00000000000024420240529075825 a0010-0524000166INLIS00000000000014020240508085928 a0010-05240000621 aBupena Buku Penilaian Tema Pengalamanku dan Tema Lingkungan yang Bersih, Sehat, dan Asri Jilid 1C :buntuk SD/MI Kelas I /cIrine M.J.A; Wini Kristianti; Dhesy Adhalia0 aIrine M.J.A acetakan ke-1 aviii, 193 hlm :bilus ;c26 cm0 aWini Kristianti0 aDhesy Adhalia aJakarta :bErlangga,c2016 a500 a500 IRI b a978-602-298-850-2 4aPengayaan aBupena disajikan untuk membantu siswa menerapkan proses pembelajaran secara tuntas berdasarkan Kurikulum 2013 (Revisi 2016). Pendalaman materi untuk mempertajam pemahaman siswa terhadap materi yang sedang dipelajari. Penilaian pengetahuan disajikan dalam tes tertulis, tes lisan, dan penugasan. Penilaian keterampilan dan sikap disajikan dalam kegiatan. a00000000669